[Event "AUTO-INT-2350"]
[Site "http://www.queenalice.com/game.php?id=1071402"]
[Date "2012.6.13"]
[Round "1"]
[White "redstar"]
[Black "MONSTERXADREZ"]
[Result "0-1"]
[WhiteElo "1438"]
[BlackElo "1601"]

1. e4 e5 2. f4 exf4 3. Nf3 Bd6 4. e5 Be7 5. d4 c6 6. Bxf4 g5 7. Be3 g4 8. Nfd2
d5 9. Bd3 h5 10. Qe2 Nd7 11. Nf1 Bh4+ 12. Ng3 Ne7 13. Nc3 b6 14. O-O-O Bb7 15.
Nf5 Nxf5 16. Bxf5 Qe7 17. Rhf1 O-O-O 18. Bxd7+ Rxd7 19. Rf5 g3 20. h3 Qe6 21.
Rdf1 b5 22. Rxh5 Rxh5 23. Qxh5 Qe7 24. Qg4 b4 0-1

[Event "AUTO-INT-2350"]
[Site "http://www.queenalice.com/game.php?id=1071403"]
[Date "2012.6.13"]
[Round "1"]
[White "MONSTERXADREZ"]
[Black "redstar"]
[Result "1-0"]
[WhiteElo "1591"]
[BlackElo "1448"]

1. d4 d5 2. Nf3 Nf6 3. e3 e6 4. g3 c5 5. Bb5+ Bd7 6. Nc3 Qa5 7. Bxd7+ Nbxd7 8.
a4 Ne4 9. O-O Nxc3 10. bxc3 Qxc3 11. Ra3 Qa5 12. dxc5 Bxc5 13. Bd2 Qc7 14. Rb3
O-O 15. Qb1 b6 16. c3 a6 17. Ng5 Nf6 18. f4 h6 19. Nf3 Ne4 20. Be1 Bxe3+ 21. Kg2
Rac8 22. Rxb6 Bxb6 23. Ne5 Ba5 24. c4 Bxe1 25. Rxe1 1-0

[Event "AUTO-OPEN-2712"]
[Site "http://www.queenalice.com/game.php?id=1071472"]
[Date "2012.6.13"]
[Round "1"]
[White "deep"]
[Black "redstar"]
[Result "1-0"]
[WhiteElo "2051"]
[BlackElo "1529"]

1. d4 d5 2. c4 e6 3. Nc3 Nf6 4. Nf3 Be7 5. e3 O-O 6. Bd3 b6 7. O-O Bb7 8. b3 c5
9. Ne5 Qc7 10. Bb2 Nbd7 11. f4 Nxe5 12. fxe5 Ne4 13. Qg4 f5 14. exf6 Nxf6 15.
Qxe6+ Kh8 16. Nxd5 Bxd5 17. cxd5 Rae8 18. Qh3 h6 19. Qf5 Bd6 20. dxc5 bxc5 21.
Bxf6 gxf6 22. Rf3 Re5 23. Qh3 h5 24. Raf1 1-0

[Event "AUTO-OPEN-2712"]
[Site "http://www.queenalice.com/game.php?id=1071473"]
[Date "2012.6.13"]
[Round "1"]
[White "redstar"]
[Black "deep"]
[Result "0-1"]
[WhiteElo "1425"]
[BlackElo "2053"]

1. e4 e5 2. Nf3 Nf6 3. d3 Nc6 4. Be2 d6 5. Nc3 Be7 6. O-O O-O 7. Bd2 d5 8. exd5
Nxd5 9. a3 a6 10. Re1 Re8 11. Nxd5 Qxd5 12. c4 Qd8 13. Bc3 Bf6 14. Qc2 Nd4 15.
Bxd4 exd4 16. b4 c5 17. Nd2 Bf5 18. Bf3 Qc7 19. Be4 Bg6 20. Bxg6 hxg6 21. bxc5
Qxc5 22. Ne4 Qh5 23. c5 Be5 24. g3 Rac8 25. Qb3 Rb8 26. h4 Qf5 27. Kg2 Kh7 28.
Qd1 Bf6 29. f4 Bd8 30. Qf3 Be7 31. g4 Qd7 32. g5 f5 33. Ng3 Bxc5 34. h5 Qc6 35.
hxg6+ Kxg6 36. Re4 Rh8 37. Re5 Rh2+ 0-1

[Event "AUTO-OPEN-2712"]
[Site "http://www.queenalice.com/game.php?id=1071500"]
[Date "2012.6.13"]
[Round "1"]
[White "Football_rules"]
[Black "redstar"]
[Result "1-0"]
[WhiteElo "1773"]
[BlackElo "1429"]

1. e4 c5 2. Bc4 e6 3. Nf3 Nc6 4. c3 g6 5. d3 Bg7 6. h3 Qc7 7. Nbd2 Nge7 8. a3
O-O 9. d4 cxd4 10. cxd4 Nxd4 11. Nxd4 Bxd4 12. Nf3 Bxf2+ 13. Kxf2 Qxc4 14. Re1
b6 15. b3 Qc7 16. Bb2 d6 17. Rc1 Qb8 18. e5 d5 19. Kg1 Bb7 20. Nd4 a6 21. Bc3
Rc8 22. Qd2 Kg7 23. Qf4 Qc7 24. Qf6+ Kg8 25. Bb4 Nc6 26. Bd2 Qe7 27. Qf4 1-0

[Event "AUTO-OPEN-2712"]
[Site "http://www.queenalice.com/game.php?id=1071501"]
[Date "2012.6.13"]
[Round "1"]
[White "redstar"]
[Black "Football_rules"]
[Result "0-1"]
[WhiteElo "1427"]
[BlackElo "1775"]

1. e4 e5 2. Nf3 d6 3. Nc3 c6 4. d4 Nd7 5. Bc4 h6 6. O-O exd4 7. Qxd4 Ngf6 8. Re1
Be7 9. b3 c5 10. Qd1 b6 11. Nd5 Bb7 12. Bb2 a6 13. h3 b5 14. Nxe7 Qxe7 15. Bd5
Rb8 16. Qd2 O-O 17. Rad1 Nb6 18. Bxb7 Rxb7 19. Qxd6 Qxd6 20. Rxd6 Nh5 21. Red1
Rbb8 22. g3 c4 23. Bd4 Rfd8 24. Bxb6 Rxb6 25. Rxd8+ Kh7 26. R8d7 Rf6 0-1

[Event "AUTO-OPEN-2712"]
[Site "http://www.queenalice.com/game.php?id=1071520"]
[Date "2012.6.13"]
[Round "1"]
[White "redstar"]
[Black "jcuchi"]
[Result "0-1"]
[WhiteElo "1425"]
[BlackElo "1371"]

1. e4 e5 2. Nf3 d6 3. Nc3 Bd7 4. d4 Nc6 5. d5 Nce7 6. Bd3 Nf6 7. O-O c6 8. Bg5
Ng4 9. Ne2 f6 10. Bh4 cxd5 11. c3 Ng6 12. Bg3 dxe4 13. Bxe4 Bb5 14. a4 Bxe2 15.
Qxe2 a6 16. Bxb7 Rb8 17. Bxa6 d5 18. Rad1 Bc5 0-1

[Event "AUTO-OPEN-2712"]
[Site "http://www.queenalice.com/game.php?id=1071521"]
[Date "2012.6.13"]
[Round "1"]
[White "jcuchi"]
[Black "redstar"]
[Result "1-0"]
[WhiteElo "1333"]
[BlackElo "1425"]

1. e4 c5 2. Nc3 e6 3. Nf3 d6 4. d4 cxd4 5. Nxd4 a6 6. Bc4 b5 7. Bb3 Bb7 8. O-O
Nf6 9. f3 Nc6 10. Be3 g6 11. a4 b4 12. Nce2 Bg7 13. c3 bxc3 14. Nxc3 O-O 15. Bc2
Qb6 16. Nxe6 Qxe3+ 17. Kh1 fxe6 18. Qxd6 Rfe8 19. Rad1 1-0

[Event "Let's Play Chess!"]
[Site "http://www.queenalice.com/game.php?id=1073311"]
[Date "2012.6.18"]
[Round "-"]
[White "redstar"]
[Black "jw16js"]
[Result "0-1"]
[WhiteElo "1488"]
[BlackElo "1512"]

1. f4 c5 2. Nf3 a5 3. e4 d6 4. Nc3 Bg4 5. h3 Bxf3 6. Qxf3 e5 7. fxe5 dxe5 8. Bc4
Qf6 9. O-O Qxf3 10. Rxf3 Nf6 11. a3 Be7 12. d3 Nc6 13. Nd5 Rc8 14. Bg5 Nd4 15.
Nxe7 Kxe7 16. Rf2 h6 17. Bh4 g5 18. Bg3 Nh5 19. Rxf7+ Kd6 20. Bh2 Nxc2 21. Rc1
Ne3 22. Ba2 a4 23. Bb1 b6 24. Re1 Nxg2 25. Kxg2 Kc6 26. Bxe5 Rhe8 27. Bh2 Kb5
28. e5 Re6 29. Ba2 Rg6 30. e6 Ng7 0-1

[Event "AUTO-INT-2377"]
[Site "http://www.queenalice.com/game.php?id=1081084"]
[Date "2012.7.10"]
[Round "1"]
[White "redstar"]
[Black "vult0"]
[Result "0-1"]
[WhiteElo "1423"]
[BlackElo "1712"]

1. f4 d5 2. Nf3 Nc6 3. g3 Bf5 4. Bg2 Nf6 5. e3 e6 6. b3 Bd6 7. Bb2 Qe7 8. O-O
O-O-O 9. d3 Kb8 10. Nbd2 h6 0-1

[Event "AUTO-INT-2377"]
[Site "http://www.queenalice.com/game.php?id=1081085"]
[Date "2012.7.10"]
[Round "1"]
[White "vult0"]
[Black "redstar"]
[Result "1-0"]
[WhiteElo "1636"]
[BlackElo "1542"]

1. e4 d5 2. exd5 Qxd5 3. Nf3 Nf6 4. d3 e6 5. Nbd2 b6 6. c4 Qd8 7. Nb3 Bb7 8.
Nbd4 Be7 9. Be3 O-O 10. g3 e5 11. Nb5 1-0